[Event "Swiss Queens Wed #13"]
[Site "FIDE Online Arena INT"]
[Date "2024.04.24"]
[Round "3"]
[White "Injac, Teodora"]
[Black "Kashlinskaya, Alina"]
[Result "1-0"]
[WhiteElo "2422"]
[BlackElo "2468"]
[PlyCount "97"]
[EventDate "2024.04.24"]
[EventType "swiss (blitz)"]
[EventRounds "11"]
[EventCountry "NET"]
[SourceTitle "CB18_2024"]
[SourceDate "2024.05.01"]
[SourceVersion "1"]
[SourceVersionDate "2024.05.01"]
[SourceQuality "2"]

1. d4 Nf6 2. Nf3 g6 3. c4 Bg7 4. g3 0-0 5. Bg2 d6 6. 0-0 Nc6 7. d5 Na5 8. Na3 c5 9. Re1 a6 10. e4 Rb8 11. e5 Ne8 12. Bf4 Bg4 13. h3 Bxf3 14. Qxf3 dxe5 15. Bxe5 Bxe5 16. Rxe5 Nd6 17. b3 b5 18. Rae1 Rb7 19. Qf4 bxc4 20. Nxc4 Naxc4 21. bxc4 Re8 22. h4 Rb4 23. Bf1 Nf5 24. h5 Nd4 25. h6 Rb6 26. Bd3 Qd6 27. Kg2 f6 28. Rxe7 Rxe7 29. Qxd6 Rxd6 30. Rxe7 f5 31. Rg7+ Kh8 32. Rc7 Kg8 33. Rxc5 Kf7 34. Rc7+ Kf6 35. Rxh7 g5 36. Rc7 Ke5 37. Re7+ Kf6 38. h7 Rd8 39. Rd7 Rh8 40. c5 f4 41. f3 Ne2 42. c6 fxg3 43. c7 Nf4+ 44. Kxg3 Nxd3 45. Rd8 Rxh7 46. c8Q Nf4 47. Rf8+ Ke5 48. Qf5+ Kd4 49. Qxh7 1-0

[Event "Swiss Queens Wed #13"]
[Site "FIDE Online Arena INT"]
[Date "2024.04.24"]
[Round "11"]
[White "Kashlinskaya, Alina"]
[Black "Savitha Shri, B."]
[Result "1-0"]
[WhiteElo "2468"]
[BlackElo "2363"]
[PlyCount "85"]
[EventDate "2024.04.24"]
[EventType "swiss (blitz)"]
[EventRounds "11"]
[EventCountry "NET"]
[SourceTitle "CB18_2024"]
[SourceDate "2024.05.01"]
[SourceVersion "1"]
[SourceVersionDate "2024.05.01"]
[SourceQuality "2"]

1. d4 Nf6 2. c4 g6 3. Nc3 Bg7 4. e4 d6 5. h3 Nc6 6. Be3 e5 7. d5 Ne7 8. Bd3 0-0 9. g4 c6 10. Nge2 cxd5 11. cxd5 Bd7 12. 0-0 h5 13. f3 Nc8 14. Ng3 h4 15. Nge2 Ne8 16. Qc2 Nb6 17. a4 Rc8 18. a5 Nc4 19. Bxc4 Rxc4 20. Bxa7 f5 21. Bb6 Qg5 22. Qd3 Rd4 23. Bxd4 exd4 24. Nxd4 fxg4 25. fxg4 Rxf1+ 26. Rxf1 Bxg4 27. hxg4 Qxg4+ 28. Kh2 Bxd4 29. Qf3 Be5+ 30. Kh1 Nf6 31. Qxg4 Nxg4 32. Rf3 Kg7 33. b4 h3 34. Ne2 h2 35. b5 Nf6 36. Ng3 Nd7 37. a6 bxa6 38. bxa6 Nb6 39. Kxh2 g5 40. Kh3 Kg6 41. Rb3 Na8 42. Rb8 Nc7 43. a7 1-0

[Event "Swiss Queens Wed #8"]
[Site "FIDE Online Arena INT"]
[Date "2024.03.20"]
[Round "3"]
[White "Doluhanova, Evgeniya"]
[Black "Kashlinskaya, Alina"]
[Result "0-1"]
[WhiteElo "2261"]
[BlackElo "2468"]
[PlyCount "70"]
[EventDate "2024.03.20"]
[EventType "swiss (blitz)"]
[EventRounds "11"]
[EventCountry "NET"]
[SourceTitle "CB13_2024"]
[SourceDate "2024.03.27"]
[SourceVersion "1"]
[SourceVersionDate "2024.03.27"]
[SourceQuality "1"]

1. Nf3 d5 2. e3 Nf6 3. c4 e6 4. Nc3 a6 5. Be2 Bd6 6. 0-0 0-0 7. b3 b6 8. Bb2 Bb7 9. Rc1 Nbd7 10. d4 Qe7 11. Bd3 Ne4 12. Nd2 f5 13. f3 Qh4 14. f4 Nxd2 15. Qxd2 Rae8 16. Qf2 Qe7 17. Na4 c5 18. dxc5 bxc5 19. Rcd1 Nf6 20. h3 Ne4 21. Bxe4 fxe4 22. cxd5 exd5 23. Nb6 d4 24. exd4 Bxf4 25. Qe2 e3 26. dxc5 Bc6 27. Nd5 Bxd5 28. Rxd5 Qf7 29. Rdd1 Qc7 30. Rf3 Re4 31. Rdf1 Rfe8 32. g3 Bxg3 33. Rf7 Bf2+ 34. R1xf2 exf2+ 35. Qxf2 Qxf7 0-1

[Event "Swiss Queens Wed #8"]
[Site "FIDE Online Arena INT"]
[Date "2024.03.20"]
[Round "7"]
[White "Kashlinskaya, Alina"]
[Black "Narva, Mai"]
[Result "1-0"]
[WhiteElo "2468"]
[BlackElo "2399"]
[PlyCount "67"]
[EventDate "2024.03.20"]
[EventType "swiss (blitz)"]
[EventRounds "11"]
[EventCountry "NET"]
[SourceTitle "CB13_2024"]
[SourceDate "2024.03.27"]
[SourceVersion "1"]
[SourceVersionDate "2024.03.27"]
[SourceQuality "1"]

1. d4 Nf6 2. c4 e6 3. Nc3 Bb4 4. a3 Bxc3+ 5. bxc3 0-0 6. f3 d5 7. e3 c5 8. Bd3 Nc6 9. cxd5 exd5 10. Ne2 b6 11. 0-0 Re8 12. Ng3 Be6 13. Bb2 h5 14. Qd2 Qd7 15. Rae1 h4 16. Nh1 Rad8 17. Qf2 h3 18. g4 Na5 19. Qh4 Kf8 20. Ng3 Ke7 21. g5 Ng8 22. f4 g6 23. f5 gxf5 24. Nxf5+ Bxf5 25. Bxf5 Qd6 26. Bxh3 Nc4 27. Bc1 Kf8 28. Rf3 Kg7 29. Ref1 Re7 30. Bf5 Kf8 31. Qh7 Qc7 32. Bg6 f6 33. Rxf6+ Nxf6 34. Rxf6+ 1-0

[Event "Titled Tuesday intern op 19th Sep Early"]
[Site "Chess.com INT"]
[Date "2023.09.19"]
[Round "7"]
[White "Kashlinskaya, Alina"]
[Black "Bogaudinov, Rushan"]
[Result "0-1"]
[WhiteElo "2468"]
[BlackElo "1853"]
[PlyCount "70"]
[EventDate "2023.09.19"]
[EventType "swiss (blitz)"]
[EventRounds "11"]
[EventCountry "USA"]
[SourceTitle "EXT 2024"]
[Source "ChessBase"]
[SourceDate "2023.10.10"]
[SourceVersion "1"]
[SourceVersionDate "2023.10.10"]
[SourceQuality "1"]

1. Nf3 d5 2. g3 Nf6 3. Bg2 c6 4. 0-0 g6 5. d4 Bg7 6. Bf4 0-0 7. Qc1 Nbd7 8. Bh6 b6 9. Bxg7 Kxg7 10. c4 e6 11. cxd5 cxd5 12. Nc3 Bb7 13. Qf4 Rc8 14. Rac1 a6 15. g4 Qe7 16. h4 h6 17. h5 b5 18. hxg6 fxg6 19. a3 Nh5 20. Qe3 Nf4 21. Ne5 Nb6 22. Nb1 Qg5 23. Rxc8 Rxc8 24. Nd2 Rc2 25. Ndf3 Nxe2+ 26. Kh2 Qf4+ 27. Qxf4 Nxf4 28. Kg3 g5 29. b3 Rc3 30. Kh2 Rxb3 31. Rc1 Nc4 32. Nd7 Bc8 33. Nc5 Rxa3 34. Bh1 Ra2 35. Kg3 Ne2+ 0-1

[Event "Titled Tuesday intern op 12th Sep Early"]
[Site "Chess.com INT"]
[Date "2023.09.12"]
[Round "5"]
[White "Jakubowska, Anna"]
[Black "Kashlinskaya, Alina"]
[Result "0-1"]
[WhiteElo "2139"]
[BlackElo "2468"]
[PlyCount "76"]
[EventDate "2023.09.12"]
[EventType "swiss (blitz)"]
[EventRounds "11"]
[EventCountry "USA"]
[SourceTitle "EXT 2024"]
[Source "ChessBase"]
[SourceDate "2023.10.10"]
[SourceVersion "1"]
[SourceVersionDate "2023.10.10"]
[SourceQuality "1"]

1. e4 c5 2. Nc3 Nc6 3. g3 g6 4. Bg2 Bg7 5. d3 e6 6. Be3 b6 7. Qd2 Nge7 8. Bh6 0-0 9. h4 Nd4 10. Bxg7 Kxg7 11. h5 Ng8 12. e5 Rb8 13. Ne4 Bb7 14. c3 Bxe4 15. Bxe4 Nc6 16. f4 d5 17. exd6 Qxd6 18. hxg6 fxg6 19. Qg2 Rbc8 20. Nf3 e5 21. Bxc6 Qxc6 22. 0-0-0 exf4 23. gxf4 Rxf4 24. Rh3 Qf6 25. Ng5 h6 26. Ne4 Qe6 27. Rg1 Rcf8 28. Rg3 Ne7 29. Qh2 Qxa2 30. c4 Rf1+ 31. Kc2 Qb1+ 32. Kc3 Qc1+ 33. Kb3 Qd1+ 34. Kc3 b5 35. Rxg6+ Nxg6 36. Qe5+ Kh7 37. Qc7+ R8f7 38. Nf6+ R1xf6 0-1

[Event "Titled Tuesday intern op 12th Sep Early"]
[Site "Chess.com INT"]
[Date "2023.09.12"]
[Round "11"]
[White "Kashlinskaya, Alina"]
[Black "Seo, Jung Min"]
[Result "0-1"]
[WhiteElo "2468"]
[BlackElo "2462"]
[PlyCount "88"]
[EventDate "2023.09.12"]
[EventType "swiss (blitz)"]
[EventRounds "11"]
[EventCountry "USA"]
[SourceTitle "EXT 2024"]
[Source "ChessBase"]
[SourceDate "2023.10.10"]
[SourceVersion "1"]
[SourceVersionDate "2023.10.10"]
[SourceQuality "1"]

1. d4 Nf6 2. c4 e6 3. Nc3 Bb4 4. a3 Bxc3+ 5. bxc3 b6 6. f3 d6 7. e4 c5 8. Bd3 Qc7 9. Ne2 Ba6 10. d5 0-0 11. 0-0 Nbd7 12. f4 exd5 13. cxd5 Bxd3 14. Qxd3 c4 15. Qf3 Nc5 16. Ng3 Rfe8 17. e5 dxe5 18. Nf5 e4 19. Qg3 g6 20. Be3 Nxd5 21. Bd4 f6 22. Rad1 Nd3 23. Nh6+ Kg7 24. Ng4 h5 25. Ne3 N5xf4 26. Kh1 g5 27. Qxg5+ Kf8 28. Qxf6+ Qf7 29. Qh6+ Ke7 30. Rxd3 exd3 31. Rxf4 Qe6 32. Qg7+ Kd8 33. Bf6+ Kc8 34. Bd4 Rb8 35. Rf7 Qc6 36. Qg5 Rb7 37. Qf5+ Rd7 38. h3 Qe6 39. Qxe6 Rxe6 40. Rf1 Rxd4 41. cxd4 Rxe3 42. Kg1 d2 43. Kf2 Re8 44. Rd1 c3 0-1

[Event "Titled Tuesday intern op 12th Sep Early"]
[Site "Chess.com INT"]
[Date "2023.09.12"]
[Round "1"]
[White "Ruff, Maximilian"]
[Black "Kashlinskaya, Alina"]
[Result "0-1"]
[WhiteElo "2241"]
[BlackElo "2468"]
[PlyCount "64"]
[EventDate "2023.09.12"]
[EventType "swiss (blitz)"]
[EventRounds "11"]
[EventCountry "USA"]
[SourceTitle "EXT 2024"]
[Source "ChessBase"]
[SourceDate "2023.10.10"]
[SourceVersion "1"]
[SourceVersionDate "2023.10.10"]
[SourceQuality "1"]

1. d4 Nf6 2. c4 g6 3. Nc3 Bg7 4. e4 d6 5. Be2 0-0 6. Be3 e5 7. d5 Na6 8. g4 Nc5 9. f3 a5 10. h4 c6 11. h5 cxd5 12. cxd5 a4 13. Qd2 Qa5 14. Nb5 Qb6 15. Rc1 Nfd7 16. Nh3 Ra5 17. Nxd6 Qxd6 18. Qxa5 b6 19. Qd2 f5 20. hxg6 hxg6 21. gxf5 gxf5 22. Ng5 Nf6 23. Bb5 fxe4 24. Bxc5 bxc5 25. fxe4 Ng4 26. Ne6 Rf2 27. Qg5 Bxe6 28. dxe6 Qd4 29. Bc6 Rxb2 30. Rf1 Qb4+ 31. Kd1 Qd4+ 32. Ke1 Qd3 0-1

[Event "Titled Tuesday intern op 12th Sep Early"]
[Site "Chess.com INT"]
[Date "2023.09.12"]
[Round "9"]
[White "Turzo, Attila"]
[Black "Kashlinskaya, Alina"]
[Result "0-1"]
[WhiteElo "2279"]
[BlackElo "2468"]
[PlyCount "156"]
[EventDate "2023.09.12"]
[EventType "swiss (blitz)"]
[EventRounds "11"]
[EventCountry "USA"]
[SourceTitle "EXT 2024"]
[Source "ChessBase"]
[SourceDate "2023.10.10"]
[SourceVersion "1"]
[SourceVersionDate "2023.10.10"]
[SourceQuality "1"]

1. d4 Nf6 2. Nf3 g6 3. Bf4 Bg7 4. e3 d6 5. Be2 0-0 6. h3 b6 7. Bh2 Bb7 8. 0-0 c5 9. c3 Nbd7 10. Nbd2 a6 11. a4 Bc6 12. Qb3 Qb8 13. Rfc1 Qb7 14. Bf1 Ne4 15. Nxe4 Bxe4 16. Nd2 Bd5 17. c4 cxd4 18. cxd5 dxe3 19. fxe3 Nc5 20. Qa2 b5 21. a5 Qa7 22. Kh1 Na4 23. Re1 Bxb2 24. Rab1 Bg7 25. Rbc1 Rac8 26. Bg1 Nc3 27. Qb3 Qc7 28. Nb1 Qxa5 29. Nxc3 Bxc3 30. Re2 Be5 31. Rec2 Rxc2 32. Rxc2 Qe1 33. Rf2 f5 34. Qd3 f4 35. exf4 Rxf4 36. Rxf4 Bxf4 37. Bh2 Bxh2 38. Kxh2 Qc1 39. Be2 Qf4+ 40. Qg3 Qd2 41. Qf3 Qd4 42. Qd3 Qf4+ 43. Kg1 Qc1+ 44. Bf1 Qf4 45. Qc3 Qf5 46. Qc6 Qe5 47. Qxa6 Qxd5 48. Qxb5 Qd4+ 49. Kh1 e5 50. Bc4+ Kg7 51. Qd5 Qf4 52. Qe6 Qc1+ 53. Kh2 Qf4+ 54. Kg1 Qd4+ 55. Kf1 h5 56. Qf7+ Kh6 57. Bd5 Qa1+ 58. Kf2 Qd4+ 59. Kg3 h4+ 60. Kh2 Qe3 61. Qf3 Qxf3 62. Bxf3 Kg5 63. Kg1 Kf4 64. Kf2 e4 65. Bd1 d5 66. Bb3 d4 67. Bc4 g5 68. Bd5 d3 69. Bb3 e3+ 70. Kf1 Kg3 71. Bc4 d2 72. Be2 Kh2 73. Bg4 Kg3 74. Bf3 Kf4 75. Bg4 Ke4 76. Be2 Kd4 77. Bb5 Kc3 78. Ke2 Kd4 0-1

[Event "Titled Tuesday intern op 01st Aug Early"]
[Site "Chess.com INT"]
[Date "2023.08.01"]
[Round "1"]
[White "Fernandez Siles, Luis"]
[Black "Kashlinskaya, Alina"]
[Result "0-1"]
[WhiteElo "2218"]
[BlackElo "2468"]
[PlyCount "54"]
[EventDate "2023.08.01"]
[EventType "swiss (blitz)"]
[EventRounds "11"]
[EventCountry "USA"]
[SourceTitle "EXT 2024"]
[Source "ChessBase"]
[SourceDate "2023.10.10"]
[SourceVersion "1"]
[SourceVersionDate "2023.10.10"]
[SourceQuality "1"]

1. e4 c6 2. d4 d5 3. exd5 cxd5 4. c4 Nf6 5. Nc3 e6 6. Nf3 Nc6 7. cxd5 Nxd5 8. Bd3 Be7 9. 0-0 0-0 10. Re1 b6 11. a3 Bb7 12. Bc2 Rc8 13. Qd3 g6 14. Bh6 Re8 15. Rad1 Nxc3 16. bxc3 Bxa3 17. h4 Be7 18. h5 Qd5 19. hxg6 hxg6 20. Ba4 a6 21. c4 Qh5 22. Be3 Nb4 23. Qb1 Bxf3 24. gxf3 b5 25. cxb5 axb5 26. d5 Nxd5 27. Bxb5 Nc3 0-1

[Event "Titled Tuesday intern op 01st Aug Early"]
[Site "Chess.com INT"]
[Date "2023.08.01"]
[Round "9"]
[White "Kashlinskaya, Alina"]
[Black "Bochnicka, Vladimir1111"]
[Result "0-1"]
[WhiteElo "2468"]
[BlackElo "2368"]
[PlyCount "140"]
[EventDate "2023.08.01"]
[EventType "swiss (blitz)"]
[EventRounds "11"]
[EventCountry "USA"]
[SourceTitle "EXT 2024"]
[Source "ChessBase"]
[SourceDate "2023.10.10"]
[SourceVersion "1"]
[SourceVersionDate "2023.10.10"]
[SourceQuality "1"]

1. c4 e5 2. Nc3 Bb4 3. Nd5 Be7 4. g3 Nf6 5. Bg2 0-0 6. Nf3 c6 7. Nxe7+ Qxe7 8. d3 d5 9. 0-0 h6 10. b3 e4 11. dxe4 dxe4 12. Ne1 c5 13. h3 Nc6 14. Be3 Rd8 15. Qc2 Nd4 16. Qb2 Bf5 17. Kh2 a5 18. Nc2 Nxe2 19. Rae1 Nd4 20. Nxd4 cxd4 21. Bxd4 a4 22. b4 a3 23. Qc3 Ra4 24. Bc5 Qd7 25. Rd1 Qe8 26. Rxd8 Qxd8 27. Qb3 Ra8 28. Rd1 Qc7 29. Bd6 Qc6 30. b5 Qe8 31. Bxa3 e3 32. Re1 e2 33. Bb2 Rd8 34. Bxf6 gxf6 35. Qf3 Bd3 36. Qf4 Qe5 37. Qxe5 fxe5 38. Bd5 Kg7 39. Kg2 b6 40. Kf3 e4+ 41. Ke3 Ra8 42. Bxe4 Bxc4 43. Bf3 Ra3+ 44. Kf4 Rxa2 45. Bc6 Rd2 46. Bf3 Bxb5 47. Ke3 Rd3+ 48. Kf4 Rd4+ 49. Ke3 Rd3+ 50. Kf4 Rd2 51. Ke3 Rb2 52. Bxe2 Bxe2 53. Rxe2 Rxe2+ 54. Kxe2 Kf6 55. Kd3 Ke5 56. f4+ Kf5 57. Ke3 b5 58. g4+ Ke6 59. Kd4 Kf6 60. h4 Kg6 61. f5+ Kf6 62. Ke4 b4 63. h5 Kg5 64. Kd4 Kxg4 65. f6 Kf5 66. Kc4 Kxf6 67. Kxb4 Kg5 68. Kc5 Kxh5 69. Kd4 Kg5 70. Ke4 f5+ 0-1

[Event "Titled Tuesday intern op 01st Aug Early"]
[Site "Chess.com INT"]
[Date "2023.08.01"]
[Round "10"]
[White "Kirillov, Dmitry1111"]
[Black "Kashlinskaya, Alina"]
[Result "0-1"]
[WhiteElo "2206"]
[BlackElo "2468"]
[PlyCount "58"]
[EventDate "2023.08.01"]
[EventType "swiss (blitz)"]
[EventRounds "11"]
[EventCountry "USA"]
[SourceTitle "EXT 2024"]
[Source "ChessBase"]
[SourceDate "2023.10.10"]
[SourceVersion "1"]
[SourceVersionDate "2023.10.10"]
[SourceQuality "1"]

1. d4 Nf6 2. Nf3 g6 3. Nbd2 Bg7 4. e4 d6 5. Bd3 0-0 6. 0-0 c5 7. dxc5 dxc5 8. h3 Nc6 9. Qe2 Nb4 10. Nc4 Nxd3 11. cxd3 b6 12. Rd1 Ba6 13. Bg5 h6 14. Be3 Nd7 15. d4 cxd4 16. Bxd4 e5 17. Bxe5 Bxc4 18. Qxc4 Bxe5 19. Qd5 Bxb2 20. Rab1 Nf6 21. Qb3 Qe7 22. Qxb2 Nxe4 23. Re1 Rad8 24. Ne5 Rd2 25. Qa1 Qc5 26. Re3 Nxf2 27. Rbe1 Rd1 28. Qb2 Rxe1+ 29. Rxe1 Nd3+ 0-1

[Event "Titled Tuesday intern op 18th Jul Early"]
[Site "Chess.com INT"]
[Date "2023.07.18"]
[Round "3"]
[White "Mahdavi, Reza"]
[Black "Kashlinskaya, Alina"]
[Result "1-0"]
[WhiteElo "2302"]
[BlackElo "2474"]
[PlyCount "101"]
[EventDate "2023.07.18"]
[EventType "swiss (blitz)"]
[EventRounds "11"]
[EventCountry "USA"]
[SourceTitle "EXT 2024"]
[Source "ChessBase"]
[SourceDate "2023.10.10"]
[SourceVersion "1"]
[SourceVersionDate "2023.10.10"]
[SourceQuality "1"]

1. e4 c6 2. d4 d5 3. e5 Bf5 4. Nf3 e6 5. Be2 Ne7 6. 0-0 h6 7. a4 g5 8. Be3 Bg7 9. c3 Nd7 10. Nbd2 Qc7 11. a5 f6 12. exf6 Bxf6 13. c4 g4 14. Ne1 h5 15. Nd3 e5 16. dxe5 Nxe5 17. Nxe5 Bxe5 18. f4 Bxb2 19. Ra2 Bc3 20. Nb3 0-0 21. Nd4 Rae8 22. Qb3 Bxa5 23. c5 Be4 24. Ne6 Qc8 25. Nxf8 Bc7 26. Rxa7 Rxf8 27. Qxb7 Nf5 28. Qxc8 Rxc8 29. Bc1 Nd4 30. Ba6 Bb8 31. Ra8 Rf8 32. Bb2 Ne6 33. g3 Nxc5 34. Rc1 Bd6 35. Rxf8+ Bxf8 36. Bf1 Na4 37. Bd4 c5 38. Bf2 d4 39. Bc4+ Kg7 40. Ra1 Nc3 41. Ra7+ Kg6 42. Ra6+ Kg7 43. Ra7+ Kg6 44. Rd7 Bf5 45. Rc7 Ne4 46. Be1 Bd6 47. Rc6 Bd7 48. Ra6 Bc8 49. Rb6 Kg7 50. Bd3 Bc7 51. Rc6 1-0

[Event "Titled Tuesday intern op 04th Jul Early"]
[Site "Chess.com INT"]
[Date "2023.07.04"]
[Round "8"]
[White "Kashlinskaya, Alina"]
[Black "Vivas Zamora, Fabian Ernesto"]
[Result "1-0"]
[WhiteElo "2474"]
[BlackElo "2346"]
[PlyCount "57"]
[EventDate "2023.07.04"]
[EventType "swiss (blitz)"]
[EventRounds "11"]
[EventCountry "USA"]
[SourceTitle "EXT 2024"]
[Source "ChessBase"]
[SourceDate "2023.10.10"]
[SourceVersion "1"]
[SourceVersionDate "2023.10.10"]
[SourceQuality "1"]

1. Nf3 Nf6 2. g3 g6 3. Bg2 Bg7 4. 0-0 0-0 5. c4 c6 6. b3 d5 7. Bb2 Nbd7 8. d3 Re8 9. Nbd2 e5 10. a3 Qe7 11. b4 a5 12. b5 e4 13. dxe4 dxe4 14. Nd4 e3 15. bxc6 bxc6 16. Nxc6 Qe6 17. Nd4 Qa6 18. fxe3 Rb8 19. Bc3 Ng4 20. Qc1 Nxe3 21. Rf2 Nxg2 22. Kxg2 Bb7+ 23. N4f3 Ne5 24. Kg1 Ng4 25. Bxg7 Kxg7 26. Rf1 Qb6+ 27. c5 Qf6 28. e4 Rbc8 29. Rb1 1-0

[Event "Titled Tuesday intern op 04th Jul Early"]
[Site "Chess.com INT"]
[Date "2023.07.04"]
[Round "5"]
[White "Kashlinskaya, Alina"]
[Black "Yeritsyan, Hayk"]
[Result "0-1"]
[WhiteElo "2474"]
[BlackElo "2181"]
[PlyCount "108"]
[EventDate "2023.07.04"]
[EventType "swiss (blitz)"]
[EventRounds "11"]
[EventCountry "USA"]
[SourceTitle "EXT 2024"]
[Source "ChessBase"]
[SourceDate "2023.10.10"]
[SourceVersion "1"]
[SourceVersionDate "2023.10.10"]
[SourceQuality "1"]

1. Nf3 d5 2. g3 Nf6 3. Bg2 Bf5 4. 0-0 e6 5. d3 h6 6. Nbd2 c6 7. Qe1 Be7 8. e4 Bh7 9. e5 Nfd7 10. Qe2 0-0 11. Re1 c5 12. Nf1 Nc6 13. g4 Qc7 14. Bf4 Rac8 15. Ng3 Nd4 16. Nxd4 cxd4 17. Rac1 Qb6 18. b3 Qc7 19. Nh5 Ba3 20. Rcd1 Qxc2 21. Rd2 Qc7 22. Red1 Bb4 23. Rb2 Bc3 24. Rc2 Bg6 25. Ng3 f6 26. exf6 Qxf4 27. Qxe6+ Rf7 28. Bxd5 Nb6 29. fxg7 Nxd5 30. Qxc8+ Kxg7 31. Qe6 Qf3 32. Qe5+ Kh7 33. Qe2 Qxe2 34. Nxe2 b5 35. a3 a5 36. Kg2 b4 37. a4 h5 38. h3 Kh6 39. Kg3 hxg4 40. hxg4 Kg5 41. Ng1 Nf4 42. Nh3+ Nxh3 43. Kxh3 Rf3+ 44. Kg2 Kxg4 45. Re2 Bxd3 46. Re5 Bc2 47. Rh1 Rf5 48. f3+ Kg5 49. Re6 d3 50. Rhh6 Rf6 51. Rhxf6 Bxf6 52. Rd6 Bc3 53. Kf2 d2 54. Ke2 Bxb3 0-1

[Event "Titled Tuesday intern op 04th Jul Early"]
[Site "Chess.com INT"]
[Date "2023.07.04"]
[Round "2"]
[White "Sarana, Alexey"]
[Black "Kashlinskaya, Alina"]
[Result "1-0"]
[WhiteElo "2685"]
[BlackElo "2474"]
[PlyCount "59"]
[EventDate "2023.07.04"]
[EventType "swiss (blitz)"]
[EventRounds "11"]
[EventCountry "USA"]
[SourceTitle "EXT 2024"]
[Source "ChessBase"]
[SourceDate "2023.10.10"]
[SourceVersion "1"]
[SourceVersionDate "2023.10.10"]
[SourceQuality "1"]

1. d4 Nf6 2. c4 g6 3. Nc3 Bg7 4. e4 d6 5. Bd3 0-0 6. Nge2 e5 7. d5 Na6 8. f3 Nc5 9. Bc2 a5 10. Be3 Bd7 11. Qd2 Ne8 12. h4 f5 13. exf5 gxf5 14. 0-0-0 a4 15. Bg5 Nf6 16. Ng3 Qc8 17. h5 e4 18. h6 Bh8 19. fxe4 Nfxe4 20. Ngxe4 fxe4 21. Be7 Bf5 22. Bxf8 Qxf8 23. Rdf1 Qc8 24. Qg5+ Bg6 25. Nxe4 Nxe4 26. Bxe4 Qe8 27. Bxg6 Qxg6 28. Qxg6+ hxg6 29. h7+ Kg7 30. Re1 1-0